| 000 | 00662nam a2200217 a 4500 | ||
|---|---|---|---|
| 005 | 20250215063803.0 | ||
| 008 | 040301s2003 mx r 000 0 spa d | ||
| 020 | _a9707013753 | ||
| 035 | _aUPN01000132312 | ||
| 049 | _aCG | ||
| 050 | 4 |
_aHT127.7 _bE7.6 |
|
| 245 | 0 | 0 |
_aEspacio público y reconstrucción de ciudadanía / _ccoord. Patricia Ramírez Kuri. |
| 260 |
_aMéxico : _bFLACSO : _c2003. _bM. A. Porrúa, |
||
| 300 | _a483 p. | ||
| 440 | 4 | _aLas ciencias sociales | |
| 650 | 4 |
_aCIUDADES Y PUEBLOS - _zMEXICO _95884 |
|
| 650 | 2 |
_aSociología urbana _95891 |
|
| 650 | 4 |
_aUrbanismo _91148 |
|
| 700 | 1 |
_aRamírez Kuri, Patricia, _ecoord. |
|
| 905 | _aLibro | ||
| 999 |
_c104467 _d104467 |
||